000 00505nam a2200217Ia 4500
003 OSt
005 20220924135008.0
006 a|||||r|||| 00| 0
007 ta
008 220923b |||||||| |||| 00| 0 ben d
024 _a288183
037 _cTextual
040 _aARTS
_cARTS
_bben
041 _2ben
_aben
082 _aN8245, 157K6
100 _aMitra
245 0 _aSangeet parijat
260 _c1966
942 _hN8245, 157K6
_cTEXL
_2CC
999 _c439389
_d439389